Normal view MARC view
  • Painting, Japanese

Entry Topical Term

Number of records used in: 3

001 - CONTROL NUMBER

  • control field: 41822

003 - CONTROL NUMBER IDENTIFIER

  • control field: OSt

005 - DATE AND TIME OF LATEST TRANSACTION

  • control field: 20180326144534.0

008 - FIXED-LENGTH DATA ELEMENTS

  • fixed length control field: 180326|| aca||babn | a|a d

040 ## - CATALOGING SOURCE

  • Original cataloging agency: OSt

150 ## - HEADING--TOPICAL TERM

  • Topical term or geographic name as entry element: Painting, Japanese

450 ## - SEE FROM TRACING--TOPICAL TERM

  • Topical term or geographic name entry element: Japanese painting

450 ## - SEE FROM TRACING--TOPICAL TERM

  • Topical term or geographic name entry element: Nihonga